00433nam a2200157 a 45000010005000000030009000050080041000140400028000550820019000831000025001022450037001272600061001643000010002254900018002356500022002532189CO-ViMGA141112s2004 ck r 000 u spa d aCO-ViMGAbspacCO-ViMGA04aCo861.44 L868l1 aLuque Muñoz, Henry10aLibro de los caminos 1978 - 1988 aSantafé de Bogotá : bSimón y Lola Guberek, c1991 a185 P aLiteraria, 3814aPOESIA COLOMBIANA